Interpretation of Double Taxation Conventions : (Record no. 613250)

MARC details
000 -LEADER
fixed length control field 00497nam a2200181 a 4500
008 - FIXED-LENGTH DATA ELEMENTS--GENERAL INFORMATION
fixed length control field 260220s2009##################000#0#eng##
020 ## - INTERNATIONAL STANDARD BOOK NUMBER
ISBN 9789041128224
082 04 - DEWEY DECIMAL CLASSIFICATION NUMBER
Classification number 336.2713
Item number VAN
100 1# - MAIN ENTRY--AUTHOR NAME
Personal name Silva, Sergio André Rocha Gomes,
245 10 - TITLE STATEMENT
Title Interpretation of Double Taxation Conventions :
260 ## - PUBLICATION, DISTRIBUTION, ETC. (IMPRINT)
Year of publication 2009.
650 #0 - SUBJECT ADDED ENTRY--TOPICAL TERM
Topical Term Double taxation.
942 ## - ADDED ENTRY ELEMENTS (KOHA)
Koha item type English Books
Holdings
Withdrawn status Lost status Damaged status Not for loan Home library Current library Date acquired Full call number Accession Number Price effective from Koha item type
        Anna Centenary Library Anna Centenary Library 20.02.2026 336.2713 VAN 137676 20.02.2026 English Books

Find us on the map